El pontificado (Record no. 121240)

MARC details
000 -LEADER
campo de control de longitud fija 00633nam a2200181 i 4500
001 - NÚMERO DE CONTROL
campo de control 121240
003 - IDENTIFICADOR DE NÚMERO DE CONTROL
campo de control ES-MaACL
005 - FECHA Y HORA DE LA ÚLTIMA TRANSACCIÓN
campo de control 20230906191721.0
007 - CAMPO FIJO DE DESCRIPCIÓN FÍSICA--INFORMACIÓN GENERAL
campo de control de longitud fija t|
008 - DATOS DE LONGITUD FIJA--INFORMACIÓN GENERAL
campo de control de longitud fija 070214s1965 sp bf |||| | spa d
245 03 - MENCIÓN DEL TÍTULO
Título El pontificado
Resto del título : una historia ilustrada desde San Pedro a Paulo VI /
Mención de responsabilidad, etc. textos recopilados por Christopher Hollis ; traducción de Ramón Hernández.
260 ## - PUBLICACIÓN, DISTRIBUCIÓN, ETC.
Lugar de publicación, distribución, etc. Barcelona :
Nombre del editor, distribuidor, etc. Plaza & Janés,
Fecha de publicación, distribución, etc. 1965.
300 ## - DESCRIPCIÓN FÍSICA
Extensión 304 p., 24 lám. ;
Dimensiones 32 cm +
Material acompañante/anejo 2 mapas.
650 04 - PUNTO DE ACCESO ADICIONAL DE MATERIA--TÉRMINO DE MATERIA
Término de materia o nombre geográfico como elemento de entrada Papas-
Subdivisión general Historia.
9 (RLIN) 15819
700 1# - ENTRADA AGREGADA--NOMBRE PERSONAL
Nombre de persona Hollis, Christopher.
9 (RLIN) 64037
700 1# - ENTRADA AGREGADA--NOMBRE PERSONAL
Nombre de persona Hernández, Ramón.
9 (RLIN) 62858
852 ## - LOCALIZACIÓN
Ubicación ES-MaACL
Número de control de estantería C-29021
Holdings
Estatus retirado Estado de pérdida Estado de daño No para préstamo Biblioteca de origen Biblioteca actual Ubicación en estantería Fecha de adquisición Fuente de adquisición Total de préstamos Signatura topográfica completa Código de barras Visto por última vez Precio de reemplazo Tipo de ítem Koha
        Biblioteca del Ateneo de Madrid Biblioteca del Ateneo de Madrid Depósito 2 17/01/2008     C-29021 1126358 23/02/2023 23/02/2023 Libro impreso